000 00381nam a2200181Ia 4500
008 240510s9999 xx 000 0 und d
020 _a9789551822903
041 _asih
082 _a891.483
082 _bW24
100 _aWELAGEDARA,C.
245 0 _aSakkaran
260 _bColombo,Fast Publishing
260 _c2010
300 _a203 p.
942 _2ddc
942 _cLBK
999 _c28701
_d28701
945 _a1
_bMadushi Gamage
_c1
_dMadushi Gamage